College Algebra

Bibliographic Details
Main Author: Coburn, John W.
Format: Section = Libro
Language:Undetermined
Spanish
Published: Boston McGraw-Hill 2007
Subjects:
LEADER 00511nam a2200217Ia 4500
008 240829s9999 xx 000 0 und d
020 |a 978-0-07-313702 
040 |a BIBLIOTECA-RUSB/ 512 C658 
041 |a spa 
082 |a 512 C658 
100 1 |a Coburn, John W. 
245 1 0 |a College Algebra 
260 |a Boston  |b McGraw-Hill  |c 2007 
300 |a 908 p. :il. 
650 7 |a ALGEBRA 
650 7 |b  ECUACIONES 
650 7 |c  DESSIGUALDADES 
650 7 |d  POLINOMIOS 
942 |c BK  |2 ddc 
991 |a TEXTO 
999 |c 1361